FIFA 22 TOTW 23 - Statistics

General Stats
  • This quiz has been taken 28 times
  • The average score is 8 of 23
Answer Stats
Club Position Rating Answer % Correct
Tottenham ST 92 Harry Kane
84%
Bayern Munich ST 94 Robert Lewandowski
84%
Nantes GK 86 Alban Lafont
76%
Man United LM 88 Jadon Sancho
76%
Chelsea CB 85 Antonio Rudiger
68%
Freiburg LB 84 Christian Gunter
52%
Barcelona ST 86 Pierre-Emerick Aubameyang
52%
Athletic Bilbao LM 85 Iker Muniain
48%
Sassuolo GK 84 Andrea Consigli
40%
Ajax RB 83 Noussair Mazraoui
40%
Torino CB 84 Gleison Bremer
36%
Southampton LB 84 Kyle Walker-Peters
36%
Sampdoria ST 82 Fabio Quagliarella
32%
RB Leipzig CM 84 Dani Olmo
28%
Villarreal ST 84 Arnaut Danjuma
24%
Genk RM 86 Junya Ito
16%
Cheltenham ST 74 Alfie May
8%
Western United LB 75 Ben Garuccio
4%
Celtic ST 80 Georgios Giakoumakis
4%
Al Hilal ST 81 Moussa Marega
4%
KV Kortrijk CB 79 Trent Sainsbury
4%
Cruz Azul CAM 81 Carlos Rodriguez
0%
LASK LM 79 Thomas Goiginger
0%
No matching quizzes found
Score Distribution
Percent of People with Each Score
Percentile by Number Answered
Your Score History
You have not taken this quiz